00473pab a2200157 454500008004000000100002300040245010700063260000900170300001500179362001200194650001000206650002100216650001900237700002000256773003900276180718b2011 xxu||||| |||| 00| 0 eng d aDeSouza, Christina aInfluence of labour welfare facilities on job satisfaction: A study of pharmaceutical companies in Goa c2011 ap.285-299. aApr-Jun aDrugs aJob satisfaction aSocial welfare aNoronha, Silvia aIndian Journal of Labour Economics